[Event "Skopje op"]
[Site "Skopje"]
[Date "2023.12.08"]
[Round "4"]
[White "Trajkovska, Sanja"]
[Black "Mammadova, Narmin Fazahir Qizi"]
[Result "1-0"]
[WhiteElo "1861"]
[BlackElo "2306"]
[PlyCount "75"]
[EventDate "2023.12.06"]
[EventType "swiss"]
[EventRounds "9"]
[EventCountry "MKD"]
[SourceTitle "CB50_2023"]
[SourceDate "2023.12.13"]
[SourceVersion "1"]
[SourceVersionDate "2023.12.13"]
[SourceQuality "1"]

1. e4 c6 2. d4 d5 3. e5 Bf5 4. h4 h5 5. Bg5 Qb6 6. Bd3 Bxd3 7. Qxd3 e6 8. Nd2 Ne7 9. Ngf3 Qa6 10. c4 Nd7 11. b3 Nf5 12. 0-0 Be7 13. Bxe7 Kxe7 14. Rfe1 Rhd8 15. Qc3 Kf8 16. c5 b6 17. b4 Qb7 18. Nf1 Rab8 19. Ne3 Ne7 20. Qd3 g6 21. g4 hxg4 22. Nxg4 Nf5 23. Qd2 Kg7 24. h5 Rh8 25. hxg6 fxg6 26. Kg2 bxc5 27. bxc5 Qb4 28. Qf4 Nxc5 29. Reb1 Nd3 30. Qg5 Qxb1 31. Rxb1 Rxb1 32. Qf6+ Kg8 33. Qxe6+ Kf8 34. Qf6+ Kg8 35. Qxg6+ Ng7 36. Qxd3 Rbh1 37. Qg6 Kf8 38. Ng5 1-0

[Event "TUR-chT"]
[Site "Ankara"]
[Date "2023.07.19"]
[Round "10.29"]
[White "Aydin, Gulenay"]
[Black "Mammadova, Narmin Fazahir Qizi"]
[Result "0-1"]
[WhiteElo "2145"]
[BlackElo "2241"]
[PlyCount "148"]
[EventDate "2023.07.10"]
[EventType "team-tourn"]
[EventRounds "11"]
[EventCountry "TUR"]
[SourceTitle "EXT 2024"]
[Source "ChessBase"]
[SourceDate "2023.10.10"]
[SourceVersion "1"]
[SourceVersionDate "2023.10.10"]
[SourceQuality "1"]
[WhiteTeam "Bursa Buyuksehir"]
[BlackTeam "Rota Koleji Dernegi"]
[WhiteTeamCountry "TUR"]
[BlackTeamCountry "TUR"]

1. e4 e6 2. d4 d5 3. Nd2 Be7 4. Ngf3 Nf6 5. e5 Nfd7 6. c3 c5 7. Bd3 Nc6 8. 0-0 a5 9. a4 cxd4 10. cxd4 Nb4 11. Bb1 b6 12. Re1 Ba6 13. Nf1 Rc8 14. Ne3 Nb8 15. Bd2 N8c6 16. Bc3 Kd7 17. Nc2 Nxc2 18. Bxc2 Nb4 19. Bb1 Kc7 20. Re3 Kb7 21. Ne1 Qd7 22. Nc2 Nxc2 23. Bxc2 Rc7 24. Qe1 Rhc8 25. Bd1 Qe8 26. h3 Qf8 27. Rb1 Bb4 28. Qd2 Rc6 29. Rg3 R8c7 30. Kh2 f5 31. Be2 Bxe2 32. Qxe2 Rc4 33. Rc1 Qe8 34. Qd1 g6 35. Rd3 Bxc3 36. Rdxc3 Rxc3 37. Rxc3 Rxc3 38. bxc3 b5 39. Qb3 Kb6 40. Qa3 Qc6 41. axb5 Kxb5 42. Qb3+ Ka6 43. Qa3 g5 44. h4 gxh4 45. Kh3 Qb6 46. Kxh4 Kb5 47. Qb3+ Kc6 48. Qa3 Kd7 49. f3 Ke8 50. g4 fxg4 51. fxg4 Kf7 52. Qa4 Qc7 53. Qb5 Kg6 54. Qa6 Qf7 55. Qxa5 Qf4 56. Qa2 Qg5+ 57. Kg3 Qe3+ 58. Kh4 Qe1+ 59. Kh3 Qxc3+ 60. Kh4 Qxd4 61. Qa8 Qf2+ 62. Kh3 Qe3+ 63. Kh4 Qg5+ 64. Kh3 Qxe5 65. Qg8+ Kh6 66. Qf8+ Qg7 67. Qe8 Qc3+ 68. Kh4 Qf6+ 69. Kg3 d4 70. Qd7 Kg5 71. Qc7 e5 72. Qxh7 Qf4+ 73. Kg2 Qxg4+ 74. Kf1 Qf5+ 0-1

[Event "TUR-chT"]
[Site "Ankara"]
[Date "2023.07.12"]
[Round "3.6"]
[White "Mammadova, Narmin Fazahir Qizi"]
[Black "Yakubbaeva, Nilufar"]
[Result "1/2-1/2"]
[WhiteElo "2241"]
[BlackElo "2311"]
[PlyCount "103"]
[EventDate "2023.07.10"]
[EventType "team-tourn"]
[EventRounds "11"]
[EventCountry "TUR"]
[SourceTitle "EXT 2024"]
[Source "ChessBase"]
[SourceDate "2023.10.10"]
[SourceVersion "1"]
[SourceVersionDate "2023.10.10"]
[SourceQuality "1"]
[WhiteTeam "Rota Koleji Dernegi"]
[BlackTeam "Burhaniye"]
[WhiteTeamCountry "TUR"]
[BlackTeamCountry "TUN"]

1. e4 e5 2. Nf3 Nc6 3. Bc4 Nf6 4. d3 d5 5. exd5 Nxd5 6. 0-0 Be7 7. Re1 f6 8. c3 Bg4 9. a4 Qd7 10. a5 a6 11. Nbd2 0-0-0 12. Nf1 Bc5 13. Bd2 Ba7 14. b4 Qf5 15. Ng3 Bxf3 16. Nxf5 Bxd1 17. Raxd1 g6 18. Ne3 Nxe3 19. fxe3 Ne7 20. Kf1 f5 21. Ke2 Nd5 22. Bb3 Rhe8 23. g3 Bxe3 24. Bxe3 Nxc3+ 25. Kf2 Nxd1+ 26. Rxd1 f4 27. Bc5 e4 28. dxe4 fxg3+ 29. hxg3 Rxd1 30. Bxd1 Rxe4 31. Bf3 Re8 32. Kg2 Re5 33. Kh3 Re1 34. Kg4 Rb1 35. Be4 Rb2 36. Kg5 b6 37. axb6 cxb6 38. Bf8 Rb3 39. g4 h5 40. gxh5 gxh5 41. Kxh5 a5 42. bxa5 bxa5 43. Kg4 Kc7 44. Kf4 a4 45. Bd5 Rb1 46. Ke3 Re1+ 47. Kd3 Rg1 48. Kc3 Rg5 49. Bc4 Rg3+ 50. Kb4 a3 51. Bb3 Rxb3+ 52. Kxb3 1/2-1/2

[Event "TUR-chT 1st League"]
[Site "Konya"]
[Date "2022.08.26"]
[Round "7.2"]
[White "Kara, Gulce Nehir"]
[Black "Mammadova, Narmin Fazahir Qizi"]
[Result "0-1"]
[WhiteElo "1997"]
[BlackElo "2245"]
[PlyCount "72"]
[EventDate "2022.08.22"]
[EventType "team-swiss"]
[EventRounds "9"]
[EventCountry "TUR"]
[SourceTitle "CBM 209 Extra"]
[Source "ChessBase"]
[SourceDate "2022.09.30"]
[SourceVersion "1"]
[SourceVersionDate "2022.09.30"]
[SourceQuality "1"]
[WhiteTeam "Apaydin Dernegi"]
[BlackTeam "Genc Akademisyenler"]
[WhiteTeamCountry "TUR"]
[BlackTeamCountry "TUR"]

1. e4 c6 2. Nf3 d5 3. Nc3 dxe4 4. Nxe4 Nf6 5. Qe2 Nxe4 6. Qxe4 Qa5 7. Bc4 Bf5 8. Qf4 e6 9. Nd4 Bg6 10. b3 Be7 11. Qe3 0-0 12. h4 h6 13. g4 Na6 14. c3 Rad8 15. Nf3 b5 16. Be2 e5 17. Nxe5 Qc7 18. g5 Rfe8 19. d4 Bd6 20. f4 h5 21. Qf3 Bf5 22. Qxh5 Bxe5 23. fxe5 c5 24. 0-0 cxd4 25. Qf3 d3 26. Bd1 Be6 27. Bd2 Qxe5 28. Qf4 Qc5+ 29. Qf2 Qc7 30. Bh5 Bd5 31. Rfe1 Nc5 32. Bf3 Bxf3 33. Qxf3 Re2 34. Rxe2 dxe2 35. Qxe2 Qg3+ 36. Kf1 Rd3 0-1

[Event "TUR-chT 1st League"]
[Site "Konya"]
[Date "2022.08.22"]
[Round "1.2"]
[White "Arabidze, Meri"]
[Black "Mammadova, Narmin Fazahir Qizi"]
[Result "1-0"]
[WhiteElo "2426"]
[BlackElo "2245"]
[PlyCount "52"]
[EventDate "2022.08.22"]
[EventType "team-swiss"]
[EventRounds "9"]
[EventCountry "TUR"]
[SourceTitle "CBM 209 Extra"]
[Source "ChessBase"]
[SourceDate "2022.09.30"]
[SourceVersion "1"]
[SourceVersionDate "2022.09.30"]
[SourceQuality "1"]
[WhiteTeam "Hukukcu Fenerbahceliler"]
[BlackTeam "Genc Akademisyenler"]
[WhiteTeamCountry "TUR"]
[BlackTeamCountry "TUR"]

1. d4 d5 2. c4 c6 3. Nf3 Nf6 4. g3 Bf5 5. Nc3 dxc4 6. Bg2 e6 7. Ne5 Nbd7 8. Nxc4 Be7 9. 0-0 0-0 10. e4 Bg6 11. Be3 b5 12. Nd2 Rc8 13. h3 b4 14. Ne2 c5 15. Rc1 cxd4 16. Nxd4 Nc5 17. Rc4 e5 18. Nf5 Bxf5 19. exf5 Nd3 20. Qb3 Qd7 21. Rxc8 Rxc8 22. Ne4 Nxe4 23. Bxe4 Nc5 24. Qxb4 a5 25. Qc4 Nxe4 26. Qxe4 a4 1-0

[Event "TUR-chT 1st League"]
[Site "Konya"]
[Date "2019.07.25"]
[Round "5.4"]
[White "Babiy, Olga"]
[Black "Mammadova, Narmin Fazahir Qizi"]
[Result "1-0"]
[WhiteElo "2255"]
[BlackElo "2282"]
[PlyCount "60"]
[EventDate "2019.07.22"]
[EventType "team-swiss"]
[EventRounds "9"]
[EventCountry "TUR"]
[SourceTitle "CBM 191 Extra"]
[Source "ChessBase"]
[SourceDate "2019.09.30"]
[SourceVersion "1"]
[SourceVersionDate "2019.09.30"]
[SourceQuality "1"]
[WhiteTeam "Karsiyaka Ihtisas"]
[BlackTeam "Bulancak Ihsaniye Genclik"]
[WhiteTeamCountry "TUR"]
[BlackTeamCountry "TUR"]

1. e4 e5 2. Nf3 Nc6 3. Bb5 a6 4. Ba4 Nf6 5. 0-0 Be7 6. Re1 b5 7. Bb3 0-0 8. h3 Bb7 9. d3 d5 10. exd5 Nxd5 11. Nxe5 Nd4 12. Nd2 Bd6 13. Nef3 Nxb3 14. axb3 f5 15. Ne5 Bxe5 16. Rxe5 Nf4 17. Nf3 Ng6 18. Re1 f4 19. Bd2 Qd5 20. Qe2 Qh5 21. Qe6+ Kh8 22. Ne5 Nh4 23. f3 Rae8 24. Qg4 Rxe5 25. Rxe5 Nxf3+ 26. Qxf3 Qxe5 27. Qxb7 Qe2 28. Bb4 f3 29. gxf3 Qe3+ 30. Kh1 c6 1-0

[Event "Marmaris Karya 6th"]
[Site "Marmaris"]
[Date "2019.04.25"]
[Round "3.2"]
[White "Mammadova, Narmin Fazahir Qizi"]
[Black "Guseynov, Alihan"]
[Result "1-0"]
[WhiteElo "2292"]
[BlackElo "2340"]
[PlyCount "67"]
[EventDate "2019.04.24"]
[EventType "schev"]
[EventRounds "10"]
[EventCountry "TUR"]
[SourceTitle "CBM 190 Extra"]
[Source "ChessBase"]
[SourceDate "2019.07.15"]
[SourceVersion "1"]
[SourceVersionDate "2019.07.15"]
[SourceQuality "1"]
[WhiteTeam "Blue Team"]
[BlackTeam "Red Team"]
[WhiteTeamCountry "TUR"]
[BlackTeamCountry "TUR"]

1. e4 d5 2. exd5 Qxd5 3. Nc3 Qd6 4. d4 Nf6 5. h3 c6 6. Nf3 Bf5 7. Bd3 Bxd3 8. Qxd3 Nbd7 9. 0-0 e6 10. Ne2 Qc7 11. c4 Bd6 12. c5 Be7 13. Bf4 Qc8 14. Nc3 0-0 15. Rfe1 Rd8 16. Qc2 Nf8 17. Bg3 Ng6 18. Rad1 Rd7 19. a3 Bd8 20. Ne5 Nxe5 21. dxe5 Rxd1 22. Rxd1 Nd5 23. Ne4 Be7 24. Qe2 a5 25. Qg4 a4 26. Bh4 Bf8 27. Rd3 Qc7 28. Bf6 g6 29. h4 Bg7 30. Bxg7 Kxg7 31. Nd6 h5 32. Qd4 b6 33. Rf3 bxc5 34. Qxc5 1-0

[Event "Marmaris Karya 4th"]
[Site "Marmaris"]
[Date "2019.01.30"]
[Round "8.4"]
[White "Mammadov, Zaur Fazahir Oglu"]
[Black "Mammadova, Narmin Fazahir Qizi"]
[Result "0-1"]
[WhiteElo "2448"]
[BlackElo "2219"]
[PlyCount "80"]
[EventDate "2019.01.27"]
[EventType "schev"]
[EventRounds "10"]
[EventCountry "TUR"]
[SourceTitle "CBM 188 Extra"]
[Source "ChessBase"]
[SourceDate "2019.02.26"]
[SourceVersion "1"]
[SourceVersionDate "2019.02.26"]
[SourceQuality "1"]

1. c4 e5 2. g3 Nc6 3. Bg2 Nf6 4. Nc3 d6 5. e3 Be7 6. Nge2 0-0 7. 0-0 Re8 8. d4 Bf8 9. b3 h6 10. Bb2 exd4 11. Nxd4 Ne5 12. Qc2 c6 13. Rad1 Bg4 14. f3 Bd7 15. Rfe1 Qc8 16. f4 Ng6 17. e4 Bg4 18. Bf3 Bxf3 19. Nxf3 Qc7 20. Nd4 Nd7 21. Kg2 a5 22. a3 Rad8 23. h4 Nf6 24. Nf5 h5 25. b4 Ng4 26. b5 Ne7 27. Nxe7+ Rxe7 28. a4 Rde8 29. Ba3 Re6 30. bxc6 bxc6 31. Re2 Qa7 32. Rde1 Qd4 33. Nd1 f5 34. Bb2 Qc5 35. exf5 Rxe2+ 36. Rxe2 Rxe2+ 37. Qxe2 Qxf5 38. Bc3 d5 39. cxd5 Qxd5+ 40. Qf3 Qxd1 0-1

[Event "TUR-chT 1st League"]
[Site "Konya"]
[Date "2018.07.20"]
[Round "7.3"]
[White "Mammadova, Narmin Fazahir Qizi"]
[Black "Shvayger, Yuliya"]
[Result "1/2-1/2"]
[WhiteElo "2209"]
[BlackElo "2403"]
[PlyCount "91"]
[EventDate "2018.07.16"]
[EventType "team-swiss"]
[EventRounds "9"]
[EventCountry "TUR"]
[SourceTitle "EXT 2019"]
[Source "ChessBase"]
[SourceDate "2018.10.10"]
[SourceVersion "1"]
[SourceVersionDate "2018.10.10"]
[SourceQuality "1"]
[WhiteTeam "Bulancak Ihsaniye Genclik"]
[BlackTeam "Tatvan Egitimi"]
[WhiteTeamCountry "TUR"]
[BlackTeamCountry "TUR"]

1. e4 c5 2. c3 Nf6 3. e5 Nd5 4. Nf3 e6 5. d4 cxd4 6. cxd4 d6 7. a3 Bd7 8. Bd3 Bc6 9. 0-0 Nd7 10. b4 a6 11. Qe2 Be7 12. Bd2 Rc8 13. Rc1 0-0 14. Nc3 Nxc3 15. Bxc3 Nb6 16. Bd2 Bd5 17. Rxc8 Nxc8 18. Rc1 dxe5 19. dxe5 Na7 20. Re1 Nc6 21. Bc1 f5 22. exf6 Bxf6 23. Be4 Nd4 24. Nxd4 Bxd4 25. Bxh7+ Kh8 26. Rf1 Rxf2 27. Rxf2 Bxf2+ 28. Qxf2 Kxh7 29. Qd4 Qf6 30. Bb2 Qg5 31. g3 Kg8 32. Kf2 Qf5+ 33. Ke1 Qb1+ 34. Kd2 Qg6 35. a4 Qh6+ 36. Ke1 Qg6 37. a5 Kf7 38. Kd2 Bc6 39. Bc3 Qg5+ 40. Qf4+ Qxf4+ 41. gxf4 Kg6 42. Ke3 Kh6 43. Kd4 Kg6 44. Ke5 Kf7 45. Kd6 g6 46. Be5 1/2-1/2

[Event "TUR-chT 1st League"]
[Site "Konya"]
[Date "2018.07.19"]
[Round "6.6"]
[White "Gundogan, Sinem Cagla"]
[Black "Mammadova, Narmin Fazahir Qizi"]
[Result "0-1"]
[WhiteElo "2022"]
[BlackElo "2209"]
[PlyCount "76"]
[EventDate "2018.07.16"]
[EventType "team-swiss"]
[EventRounds "9"]
[EventCountry "TUR"]
[SourceTitle "EXT 2019"]
[Source "ChessBase"]
[SourceDate "2018.10.10"]
[SourceVersion "1"]
[SourceVersionDate "2018.10.10"]
[SourceQuality "1"]
[WhiteTeam "Salihli Sardes"]
[BlackTeam "Bulancak Ihsaniye Genclik"]
[WhiteTeamCountry "TUR"]
[BlackTeamCountry "TUR"]

1. e4 c6 2. d3 d5 3. Nd2 e5 4. Ngf3 Bd6 5. g3 Ne7 6. Bg2 0-0 7. 0-0 Bg4 8. h3 Bxf3 9. Nxf3 d4 10. Nh4 Nd7 11. f4 exf4 12. gxf4 f5 13. e5 Bc7 14. Nf3 Nc5 15. c3 dxc3 16. d4 cxb2 17. Bxb2 Ne4 18. Qb3+ Nd5 19. Ba3 Re8 20. Qxb7 Nxf4 21. Rad1 Re6 22. Nh4 Rb8 23. Qxb8 Ne2+ 24. Kh2 Qxb8 25. Rxf5 Nf6 26. Bf1 Nxd4 27. Bc4 Nxf5 28. Bxe6+ Kh8 29. Nxf5 Bxe5+ 30. Kg2 Nd5 31. Kf3 g6 32. Ne3 Qe8 33. Bxd5 cxd5 34. Rxd5 Qe6 35. Rd8+ Kg7 36. Ng4 h5 37. Bf8+ Kh7 38. Nxe5 Qf6+ 0-1